| 000 | 00397nam a2200157Ia 4500 | ||
|---|---|---|---|
| 003 | OSt | ||
| 005 | 20250318122705.0 | ||
| 008 | 240827s9999 xx 000 0 und d | ||
| 020 | _a9781547417469 | ||
| 100 | _aAkinkunmi, Mustapha Abiodun | ||
| 245 | 0 | _aBusiness Statistics With Solutions In R | |
| 250 | _a1 | ||
| 260 |
_bDe Gruyter _c2019 _aBerlin |
||
| 300 |
_axii,263p. _ePbk |
||
| 942 |
_cBK _2ddc |
||
| 999 |
_c27518 _d27518 |
||